[Event "BL2 Ost 1819 (Women)"]
[Site "Germany"]
[Date "2018.12.09"]
[Round "5.6"]
[White "Lorenz, Keana"]
[Black "Riemer Nlula, Marion"]
[Result "0-1"]
[WhiteElo "1459"]
[BlackElo "1803"]
[PlyCount "26"]
[EventDate "2018.10.27"]
[EventType "team-tourn"]
[EventRounds "7"]
[EventCountry "GER"]
[SourceTitle "CBM 190 Extra"]
[Source "ChessBase"]
[SourceDate "2019.07.15"]
[SourceVersion "1"]
[SourceVersionDate "2019.07.15"]
[SourceQuality "1"]
[WhiteTeam "Saalfeld (W)"]
[BlackTeam "Zeulenroda Rochade (W)"]
[WhiteTeamCountry "GER"]
[BlackTeamCountry "GER"]

1. e4 d5 2. exd5 Nf6 3. Bc4 Nxd5 4. d4 Nb6 5. Bb3 Nc6 6. c3 Bf5 7. Ne2 e6 8. 0-0 Bd6 9. c4 Bxh2+ 10. Kxh2 Qh4+ 11. Kg1 0-0-0 12. Bf4 Nxd4 13. Qc1 Nxe2# 0-1

[Event "BL2 Ost 1819 (Women)"]
[Site "Germany"]
[Date "2018.10.28"]
[Round "2.6"]
[White "Lorenz, Keana"]
[Black "Spangenberg, Pia"]
[Result "0-1"]
[WhiteElo "1399"]
[BlackElo "1779"]
[PlyCount "94"]
[EventDate "2018.10.27"]
[EventType "team-tourn"]
[EventRounds "7"]
[EventCountry "GER"]
[SourceTitle "CBM 190 Extra"]
[Source "ChessBase"]
[SourceDate "2019.07.15"]
[SourceVersion "1"]
[SourceVersionDate "2019.07.15"]
[SourceQuality "1"]
[WhiteTeam "Saalfeld (W)"]
[BlackTeam "Leipzig Lindenau (W)"]
[WhiteTeamCountry "GER"]
[BlackTeamCountry "GER"]

1. e4 d5 2. exd5 Nf6 3. Bc4 Nxd5 4. d4 Nb6 5. Bb3 Nc6 6. c3 e5 7. Nf3 Bg4 8. Qd3 Qd7 9. d5 0-0-0 10. c4 e4 11. Qc2 Nb4 12. Qd1 Nd3+ 13. Kf1 Nxc1 14. Qxc1 exf3 15. h3 fxg2+ 16. Kxg2 Bh5 17. Nc3 Bc5 18. Ne4 Qf5 19. Nxc5 Bf3+ 20. Kg3 Bxh1 21. Qxh1 Qg6+ 22. Kh2 Qd6+ 23. Kg1 Qxc5 24. Qe4 Nd7 25. a4 f5 26. Qg2 g5 27. a5 a6 28. Bc2 g4 29. b4 gxh3 30. Qxh3 Qxc4 31. Bxf5 Rhg8+ 32. Kh1 Qxd5+ 33. f3 Rg5 34. Bg4 h5 35. Be6 Qe5 36. Rd1 Rg7 37. Rf1 Qg3 38. f4 Qxh3+ 39. Bxh3 Rf8 40. Kh2 Kd8 41. f5 Nf6 42. Rd1+ Kc8 43. Rf1 Ng4+ 44. Kh1 Rgf7 45. Bxg4 hxg4 46. Rg1 Rxf5 47. Rxg4 Rf4 0-1

[Event "BL2 Ost 1819 (Women)"]
[Site "Germany"]
[Date "2018.10.27"]
[Round "1.5"]
[White "Lorenz, Keana"]
[Black "Oswald, Hannah"]
[Result "1-0"]
[WhiteElo "1399"]
[BlackElo "1611"]
[PlyCount "59"]
[EventDate "2018.10.27"]
[EventType "team-tourn"]
[EventRounds "7"]
[EventCountry "GER"]
[SourceTitle "CBM 190 Extra"]
[Source "ChessBase"]
[SourceDate "2019.07.15"]
[SourceVersion "1"]
[SourceVersionDate "2019.07.15"]
[SourceQuality "1"]
[WhiteTeam "Saalfeld (W)"]
[BlackTeam "Leipzig SG (W)"]
[WhiteTeamCountry "GER"]
[BlackTeamCountry "GER"]

1. e4 e5 2. Nf3 Nc6 3. Bc4 Bc5 4. c3 Nf6 5. d4 exd4 6. cxd4 Bb4+ 7. Bd2 Nxe4 8. Bxf7+ Kxf7 9. Qb3+ d5 10. Bxb4 Nxb4 11. Ne5+ Ke8 12. Qxb4 Qf6 13. 0-0 Rf8 14. Nc3 Nxc3 15. bxc3 Kd8 16. Rac1 Qe7 17. Qb3 Qd6 18. c4 dxc4 19. Nxc4 Qd5 20. Qc3 c6 21. Ne3 Qg5 22. d5 Bh3 23. dxc6 b6 24. c7+ Ke8 25. Qc6+ Ke7 26. Rfe1 Kf7 27. Qf3+ Kg8 28. Qxh3 Qf6 29. Re2 Rac8 30. Nd5 1-0

[Event "GER-ch U25-B"]
[Site "Willingen"]
[Date "2018.05.23"]
[Round "5"]
[White "Lange, Malina"]
[Black "Lorenz, Keana"]
[Result "1-0"]
[WhiteElo "1439"]
[BlackElo "1553"]
[PlyCount "61"]
[EventDate "2018.05.19"]
[EventType "swiss"]
[EventRounds "9"]
[EventCountry "GER"]
[SourceTitle "CBM 184 Extra"]
[Source "ChessBase"]
[SourceDate "2018.06.28"]
[SourceVersion "1"]
[SourceVersionDate "2018.06.28"]
[SourceQuality "1"]

1. e4 c5 2. Nf3 Nc6 3. d4 cxd4 4. Nxd4 g6 5. Nc3 Bg7 6. Be3 Nf6 7. Bc4 Ng4 8. Nxc6 Nxe3 9. Nxd8 Nxd1 10. Rxd1 0-0 11. Nxf7 d5 12. Nxd5 e6 13. Nc7 Rb8 14. Ng5 Bxb2 15. Bxe6+ Bxe6 16. Ngxe6 Rf6 17. 0-0 Be5 18. f4 Bxc7 19. Nxc7 Rc8 20. Nd5 Re6 21. Rc1 Kf7 22. Rfe1 Rc4 23. e5 Rd4 24. Red1 Ra4 25. Rb1 b6 26. g3 Rxa2 27. Nb4 Ra4 28. Rd7+ Kg8 29. Nd5 Ra2 30. Nf6+ Kf8 31. Rxh7 1-0

[Event "GER-ch U25-B"]
[Site "Willingen"]
[Date "2018.05.23"]
[Round "6"]
[White "Lorenz, Keana"]
[Black "Hierl, Johannes"]
[Result "1-0"]
[WhiteElo "1553"]
[BlackElo "1377"]
[PlyCount "63"]
[EventDate "2018.05.19"]
[EventType "swiss"]
[EventRounds "9"]
[EventCountry "GER"]
[SourceTitle "CBM 184 Extra"]
[Source "ChessBase"]
[SourceDate "2018.06.28"]
[SourceVersion "1"]
[SourceVersionDate "2018.06.28"]
[SourceQuality "1"]

1. e4 d6 2. d4 Nf6 3. Nc3 Nbd7 4. Nf3 e5 5. dxe5 dxe5 6. Bc4 Be7 7. Be3 0-0 8. Qd2 c6 9. a4 a5 10. Nh4 Nxe4 11. Nxe4 Bxh4 12. g3 Be7 13. 0-0-0 Qc7 14. f4 Rd8 15. Qf2 Rf8 16. h4 Nf6 17. Nxf6+ Bxf6 18. g4 exf4 19. Bxf4 Be5 20. Be3 Qb8 21. Bxf7+ Kh8 22. Bc5 Be6 23. Bxf8 Qxf8 24. Rhf1 Bxf7 25. Qxf7 Qxf7 26. Rxf7 b5 27. axb5 cxb5 28. Rd5 Kg8 29. Rf3 Bf6 30. g5 Be7 31. Rxb5 g6 32. c4 1-0

[Event "GER-ch U25-B"]
[Site "Willingen"]
[Date "2017.06.05"]
[Round "3"]
[White "Lorenz, Keana"]
[Black "Ding, Zheheng"]
[Result "0-1"]
[WhiteElo "1270"]
[BlackElo "1562"]
[PlyCount "94"]
[EventDate "2017.06.04"]
[EventType "swiss"]
[EventRounds "9"]
[EventCountry "GER"]
[SourceTitle "CBM 178 Extra"]
[Source "ChessBase"]
[SourceDate "2017.06.22"]
[SourceVersion "1"]
[SourceVersionDate "2017.06.22"]
[SourceQuality "1"]

1. Nf3 Nf6 2. b3 g6 3. Bb2 Bg7 4. e3 d6 5. Bd3 e5 6. e4 0-0 7. 0-0 Nc6 8. Re1 Nd7 9. Nc3 f5 10. Bc4+ Kh8 11. d3 Nb6 12. Ne2 Nxc4 13. bxc4 fxe4 14. dxe4 b6 15. Nc3 Bg4 16. Qd3 Bxf3 17. gxf3 Nd4 18. Re3 Bh6 19. f4 Bxf4 20. Rh3 c6 21. Kh1 Qf6 22. Rg1 Bxh2 23. Kxh2 Nf3+ 24. Rxf3 Qxf3 25. Qxf3 Rxf3 26. Kg2 Raf8 27. Rf1 h5 28. Nd1 h4 29. Rh1 g5 30. Bc1 R3f6 31. Bxg5 Rg6 32. Rxh4+ Kg7 33. Rh5 Rh8 34. Rxh8 Rxg5+ 35. Kf3 Kxh8 36. Ke3 Rg4 37. f3 Rh4 38. Nc3 Kg7 39. a3 a6 40. a4 Kf6 41. Na2 a5 42. c3 Rh1 43. Kd2 Kg5 44. Nc1 Rxc1 45. Kxc1 Kf4 46. Kd2 Kxf3 47. Kd3 c5 0-1

[Event "GER-ch U25-B"]
[Site "Willingen"]
[Date "2016.05.19"]
[Round "7"]
[White "Borgmann, Simon"]
[Black "Lorenz, Keana"]
[Result "1-0"]
[WhiteElo "1318"]
[BlackElo "1037"]
[PlyCount "75"]
[EventDate "2016.05.15"]
[EventType "swiss"]
[EventRounds "9"]
[EventCountry "GER"]
[SourceTitle "CBM 172 Extra"]
[Source "ChessBase"]
[SourceDate "2016.06.21"]
[SourceVersion "1"]
[SourceVersionDate "2016.06.21"]
[SourceQuality "1"]

1. e4 c5 2. Nf3 Nc6 3. d4 cxd4 4. Nxd4 g6 5. Nc3 Bg7 6. Be3 Nf6 7. Be2 0-0 8. Qd2 Qa5 9. Nb3 Qd8 10. 0-0 e6 11. Rab1 d5 12. exd5 exd5 13. Nd4 a6 14. Rfd1 b5 15. Nxc6 Qc7 16. Nxd5 Nxd5 17. Qxd5 Be6 18. Qf3 Bxa2 19. Ra1 Be6 20. Bd4 Rfc8 21. Bxg7 Kxg7 22. Nd4 Rf8 23. Bxb5 axb5 24. Rxa8 Rxa8 25. Qxa8 Qc4 26. Nxe6+ fxe6 27. Qa7+ Kh6 28. Qe3+ Kg7 29. Qd4+ Qxd4 30. Rxd4 Kf6 31. Rb4 Ke5 32. Rxb5+ Kd4 33. Rb7 h5 34. Rc7 e5 35. b4 e4 36. b5 e3 37. fxe3+ Kxe3 38. b6 1-0

[Event "GER-ch U25-B"]
[Site "Willingen"]
[Date "2016.05.16"]
[Round "3"]
[White "Ibrahim, Ben"]
[Black "Lorenz, Keana"]
[Result "0-1"]
[WhiteElo "834"]
[BlackElo "1037"]
[PlyCount "122"]
[EventDate "2016.05.15"]
[EventType "swiss"]
[EventRounds "9"]
[EventCountry "GER"]
[SourceTitle "CBM 172 Extra"]
[Source "ChessBase"]
[SourceDate "2016.06.21"]
[SourceVersion "1"]
[SourceVersionDate "2016.06.21"]
[SourceQuality "1"]

1. e4 c5 2. Nf3 g6 3. Bc4 e6 4. 0-0 Bg7 5. h3 Nc6 6. Nc3 Nf6 7. d3 0-0 8. Be3 d5 9. Bxc5 Re8 10. exd5 exd5 11. Bb3 b6 12. Ba4 Bb7 13. Bd4 a6 14. Bxf6 Bxf6 15. Bb3 d4 16. Nd5 Bg7 17. Qd2 Na5 18. Bc4 b5 19. Bxb5 axb5 20. Nf4 Bh6 21. Ne6 Bxf3 22. Nxd8 Bxd2 23. gxf3 Raxd8 24. Rfd1 Bh6 25. c3 dxc3 26. bxc3 Rc8 27. Rab1 Rxc3 28. Rxb5 Nc6 29. a4 Ra8 30. d4 Rxa4 31. d5 Ra5 32. Rxa5 Nxa5 33. d6 Rc8 34. Kg2 Kg7 35. Rd5 Nb7 36. d7 Rd8 37. Rb5 Rxd7 38. Kg3 f5 39. f4 Rd3+ 40. f3 Nd6 41. Rc5 Ne4+ 42. Kg2 Nxc5 43. Kf2 Bxf4 44. h4 Rd2+ 45. Ke1 Nd3+ 46. Kf1 Rf2+ 47. Kg1 Rxf3 48. Kg2 Rg3+ 49. Kf1 h6 50. Ke2 g5 51. hxg5 hxg5 52. Kd1 Rg1+ 53. Kc2 g4 54. Kxd3 g3 55. Kc4 Rd1 56. Kb4 g2 57. Kc4 g1Q 58. Kb5 Qc5+ 59. Ka6 Ra1+ 60. Kb7 Rb1+ 61. Ka6 Qa3# 0-1

[Event "GER-chT U10"]
[Site "Magdeburg"]
[Date "2014.12.29"]
[Round "7.3"]
[White "Lorenz, Keana"]
[Black "Beck, Felix"]
[Result "0-1"]
[WhiteElo "1089"]
[BlackElo "995"]
[PlyCount "58"]
[EventDate "2014.12.27"]
[EventType "team-swiss"]
[EventRounds "7"]
[EventCountry "GER"]
[SourceTitle "EXT 2016"]
[Source "ChessBase"]
[SourceDate "2015.10.08"]
[SourceVersion "1"]
[SourceVersionDate "2015.10.08"]
[SourceQuality "1"]
[WhiteTeam "Saalfeld"]
[BlackTeam "Berlin Nord Ost"]
[WhiteTeamCountry "GER"]
[BlackTeamCountry "GER"]

1. e4 e5 2. Nf3 Nc6 3. Bc4 Be7 4. c3 Nf6 5. d4 exd4 6. cxd4 Nxe4 7. 0-0 Nf6 8. Ng5 0-0 9. Re1 h6 10. Nf3 d6 11. Be3 Bg4 12. Nc3 Qd7 13. h3 Bh5 14. Be2 Bg6 15. Nh4 Bh7 16. Bg4 Nxg4 17. hxg4 Bxh4 18. g3 Bf6 19. Qd2 Qxg4 20. Nd5 Bxd4 21. Bxd4 Nxd4 22. Ne7+ Kh8 23. Rad1 Nf3+ 24. Kg2 Nxd2 25. Rxd2 Be4+ 26. Kg1 Qf3 27. Kf1 Rfe8 28. Re3 Qg2+ 29. Ke2 Rxe7 0-1